| 000 | 02318nam a22003257i 4500 | ||
|---|---|---|---|
| 003 | DO-SdBNP | ||
| 005 | 20250428114956.0 | ||
| 007 | ta | ||
| 008 | 210217b2020 dr ac||| |||| 00| 0 spa d | ||
| 040 |
_aDO-SdBNP _bspa _cBNPHU _erda |
||
| 082 | 4 |
_a920.72 _bT693m _222 |
|
| 100 | 1 |
_aTorres Ulloa, Alfonso, _958620 _eautor |
|
| 245 | 1 | 0 |
_aMujeres de la ANPA / _cAlfonso Torres Ulloa ; prólogo, Inés Amelia Brioso de León. |
| 250 | _aPrimera edición | ||
| 264 | 1 |
_aSanto Domingo : _bImpresión Leo Antillas, SRL _c2020. |
|
| 300 |
_a244 páginas : _bilustraciones, retratos ; _c23 cm. |
||
| 336 |
_2rdacontent _atexto _btxt |
||
| 337 |
_2rdamedia _asin mediación _bn |
||
| 338 |
_2rdacarrier _avolumen _bnc |
||
| 500 | _aIncluye datos biográficos del autor en la contracubierta. | ||
| 500 | _aIncluye referencias bibliográficas y notas al pie de las páginas | ||
| 505 | 0 | _aPresentación / Juan Marte Peña, Prólogo / Inés Amelia Brioso de León, Palabras del autor -- La participación de la mujer -- La situación de la mujer rural -- La participación de la mujer y la representación política, la cuota -- La participación de la mujer en la ANPA -- Desafíos de la mujer en la ANPA -- Perfiles de mujeres de la ANPA -- Yokasta Soto Roa -- Ana Padilla -- Inés Brioso -- Birmania Wagner -- Melidiana Vargas -- Teresita Ruiz Estrella -- Modesta Adames -- Margarita Cruz Ángeles -- Mayra Feliz -- Dania Montes de Oca -- Celeste Méndez -- Kenia Vizcaíno -- Carmen Luisa Díaz Ferreira -- Milosi Espinosa -- Elena Cruz de la Cruz -- Casilda Núñez -- Damiana González -- Rafaela Miranda -- Yokasta Galán -- Esmilda Estévez -- Ana Delia Méndez -- Magalis Álvarez -- Luz Guillermina Caraballo -- Elida Jiménez Ulloa -- Demetria -Adela- Cedano -- Salomé Peña -- Ruth Vásquez -- Albania Carrrasco Sosa -- Marina de la Cruz -- Paula Rodríguez -- Digna Álvarez -- Celeste Herasme -- Mujeres colaboradoras en la ANPA -- Día del Agrónomo Dominicano. | |
| 590 | _aInventariado, 2021 /LP | ||
| 590 | _aLa biblioteca posee 3 ejemplar autografiado por el autor. | ||
| 650 | 4 |
_aMujeres _913968 _vBiografía. |
|
| 650 | 0 |
_aMujeres en la agricultura _985910 |
|
| 700 | 1 |
_aBrioso de León, Inés Amelia, _eprólogo _977811 |
|
| 910 | _aLP/ Validado. Control de Calidad/MAA | ||
| 942 |
_2ddc _cLBS1 |
||
| 999 |
_c49394 _d49394 |
||